The Civil War In America / (Record no. 187524)

000 -LEADER
fixed length control field 00765 a2200169 4500
003 - CONTROL NUMBER IDENTIFIER
control field Nust
005 - DATE AND TIME OF LATEST TRANSACTION
control field 20230504132925.0
040 ## - CATALOGING SOURCE
Transcribing agency Nust
082 ## - DEWEY DECIMAL CLASSIFICATION NUMBER
Classification number 973.7,BAR
100 ## - MAIN ENTRY--PERSONAL NAME
Personal name Barker, Alan
9 (RLIN) 78455
245 ## - TITLE STATEMENT
Title The Civil War In America /
Statement of responsibility, etc. Alan Barker
260 ## - PUBLICATION, DISTRIBUTION, ETC.
Place of publication, distribution, etc. London
Name of publisher, distributor, etc. Adam & Charles
300 ## - PHYSICAL DESCRIPTION
Extent 182:p
505 ## - FORMATTED CONTENTS NOTE
Formatted contents note The Importance of the American Civil (Page-1), The Background of War (Page-20), Slavery and Abolition (Page-42), Compromise and Its Failure (Page-59), The Causes of Secession (Page-83), The Causes of War (Page-98), The War from the Northern Viewpoint (Page-113), The War from the Southern Viewpoint (Page-135), Reconstruction (Page-153), Time Chart (Page-170).
650 ## - SUBJECT ADDED ENTRY--TOPICAL TERM
Topical term or geographic name entry element The Civil War In America
9 (RLIN) 112120
942 ## - ADDED ENTRY ELEMENTS (KOHA)
Source of classification or shelving scheme
Koha item type Book
Call number prefix 973.7,BAR
Holdings
Withdrawn status Lost status Source of classification or shelving scheme Damaged status Not for loan Permanent Location Current Location Shelving location Date acquired Full call number Barcode Date last seen Price effective from Koha item type Public note
          Military College of Signals (MCS) Military College of Signals (MCS) General Stacks 12/12/2016 973.7,BAR MCS29379 12/08/2016 12/12/2016 Book Almirah No. 75, Shelf No. 8
© 2023 Central Library, National University of Sciences and Technology. All Rights Reserved.